Maharadža

Bibliographic Details
Main Author: Kocbek, Edvard, 1904-1981 (Author)
Other Authors: Chmel, Karol, 1953- (Translator)
Format: Article
Language:Slovak
Slovenian
Subjects:

MARC

LEADER 00000nab a2200000 a 4500
001 vtls000438394
003 SK-MaSNL
005 20260304014720.0
008 241209c1991 xo 0 slo
015 |a SNBRB19rr/mm-uuuuu 
035 |a CL0438522 
040 |a SNKBUCL  |b slo  |c SNKBUCL  |e AACR2 
041 1 |a slo  |h slv 
044 |a xo  |c SK 
080 |a 886.3-1  |2 1981 
100 1 |a Kocbek, Edvard,  |d 1904-1981  |4 aut  |9 41397 
245 1 0 |a Maharadža  |c Edvard Kocbek ; preložil Karol Chmel 
500 |a Obsahuje 7 básní 
655 7 |a články z novín a časopisov  |2 snkbucl  |9 267496 
655 7 |a články z odboru literárna veda a krásna literatúra  |2 snkbucl  |9 770045 
655 7 |a slovinská poézia  |2 snkbucl  |9 70608 
700 1 |a Chmel, Karol,  |d 1953-  |4 trl  |9 105159 
740 0 2 |a Zapadá slnko 
740 0 2 |a Otázky 
740 0 2 |a Korene chrenu 
740 0 2 |a Veta 
740 0 2 |a Zakrádanie 
740 0 2 |a Radostný smútok. 
773 0 |t Kultúrny život  |g Roč. 25, č. 50 (1991), s. 11 
850 |a Slovenská národná knižnica 
852 |a Slovenská národná knižnica 
958 |a RK 
958 |a LX 
992 |a RBX 
999 |c 2587039  |d 2588969